Pokémon - Noms A-Z (7) - Statistiques

Statistiques générales
  • Ce quiz a été pris 74 fois
  • Le résultat moyen est 16 sur 26
Statistiques - réponses
Par images Réponse % Correct
Carapuce
99%
Aquali
97%
Boustiflor
94%
Kadabra
90%
Écrémeuh
84%
Paras
80%
Regirock
74%
Dedenne
70%
Scorvol
67%
Fermite
66%
Genesect
66%
Leuphorie
64%
Kranidos
57%
Nounourson
57%
Hippopotas
56%
Ramboum
56%
Ouvrifier
51%
Hotte-de-Fer
50%
Terrakium
50%
Vivaldaim
50%
Zacian
49%
Papilord
47%
Scolocendre
46%
Malvalame
37%
Silvallié
37%
Terapagos
26%
Aucun quiz correspondant
Distribution des résultats
% des personnes avec chaque résultat
Percentile par nombre de réponses
Votre historique - résultats
Vous n’avez pas pris ce quiz